00577cam a22002051 4500001001300000003000400013005001700017008004100034010001700075035001900092040001800111042001200129050001900141082001000160100001900170245007400189260007300263300001800336999001700354ca 36000231 DLC20260227111140.0790126s1936 xx 000 0 eng  aca 36000231  a(OCoLC)4586560 aDLCcOCldDLC apremarc00aPN6120.R4bB57 a812.51 aBowman, Annie.10aThat home in Bethany;ba religious play in one act,cby Annie Bowman. aBoston, Mass.,aLos Angeles, Cal.b[Walter H. Baker company,cc1936] a29 p.c19 cm. c18046d18046